00268nam a22000977a 4500020001800000082001900018100002700037245005400064260004300118300000900161 a9787119114408 a384.30951bBEN aLV Benfu and Hao Yeli aChina in the internet agecLV Benfu and Hao Yeli aBeijingbForeign Languages Pressc2019 a422p